书目信息 |
| 题名: |
群已权界论
|
|
| 作者: | Mill , 穆勒 著 ;严复 译 | |
| 分册: | ||
| 出版信息: | 北京 商务印书馆 1981 |
|
| 页数: | 119页 | |
| 开本: | 21cm | |
| 丛书名: | 严译名著丛刊 | |
| 单 册: | ||
| 中图分类: | D0-0 , B561.42 | |
| 科图分类: | ||
| 主题词: | 科学社会主义理论--文集 | |
| 电子资源: | ||
| ISBN: | ||
| 000 | 00829nam2 2200313 45 | |
| 001 | 0181004559 | |
| 005 | 20060813095645.43 | |
| 010 | @dCNY0.88 | |
| 091 | @aCN@b3017.312 | |
| 100 | @a19950408d1981 em y0chiy0121 ea | |
| 101 | 1 | @achi@ceng |
| 102 | @aCN@b110000 | |
| 105 | @ay z 000yy | |
| 200 | 10 | @a群已权界论@Aqun yi quan jie lun@f(英)穆勒(J.S.Mill)著@g严复译 |
| 210 | @a北京@c商务印书馆@d1981 | |
| 215 | @a119页@d21cm | |
| 225 | 2 | @a严译名著丛刊 |
| 300 | @aOn Liberty | |
| 410 | 0 | @120010@a严译名著丛刊 |
| 510 | 1 | @aOn Liberty@zeng |
| 606 | @a科学社会主义理论@x文集 | |
| 690 | @aD0-0@v3 | |
| 690 | @aB561.42@v3 | |
| 701 | A1 | @aMill@bJ.S.@4著 |
| 701 | 1 | @a穆勒@Amu le@bJ.S.@4著 |
| 702 | 0 | @a严复@Ayan fu@4译 |
| 801 | 2 | @aCN@bNLC@c20060813 |
| 801 | 0 | @aCN@bTSSF@c20060804 |
| 905 | @a10447@dD0-0@e18 | |
| 群已权界论/(英)穆勒(J.S.Mill)著/严复译.-北京:商务印书馆,1981 |
| 119页;21cm.-(严译名著丛刊) |
| On Liberty |
| ISBN :CNY0.88 |
| ● |
| 相关链接 |
|
|
|
|
正题名:群已权界论
索取号:D0-0/18
 
预约/预借
| 序号 | 登录号 | 条形码 | 馆藏地/架位号 | 状态 | 备注 |
| 1 | 0424210 | 204242104 | 密集书库/ [索取号:D0-0/18] | 在馆 | |
| 2 | 0447028 | 204470287 | 密集书库/ [索取号:D0-0/18] | 在馆 | |
| 3 | 0447029 | 204470296 | 密集书库/ [索取号:D0-0/18] | 在馆 | |
| 4 | 0459214 | 204592146 | 密集书库/ [索取号:D0-0/18] | 在馆 |